2014 Triennial Surveillance Review : Managing Director's Action Plan for Strengthening Surveillance.

The 2014 review of surveillance comes at a critical juncture for the Fund and its member countries. Policymakers are navigating a brittle, uneven recovery that is still marred by the lingering effects of the crisis. They are also continuing to adapt to the challenges of a highly interconnected world...

Celý popis

Podrobná bibliografie
Korporativní autor: International Monetary Fund
Médium: Časopis
Jazyk:English
Vydáno: Washington, D.C. : International Monetary Fund, 2014.
Edice:Policy Papers; Policy Paper ; No. 2014/085
Témata:
On-line přístup:Full text available on IMF
LEADER 01951cas a2200289 a 4500
001 AALejournalIMF020348
008 230101c9999 xx r poo 0 0eng d
020 |c 5.00 USD 
020 |z 9781498342520 
022 |a 2663-3493 
040 |a BD-DhAAL  |c BD-DhAAL 
110 2 |a International Monetary Fund. 
245 1 0 |a 2014 Triennial Surveillance Review :   |b Managing Director's Action Plan for Strengthening Surveillance. 
264 1 |a Washington, D.C. :  |b International Monetary Fund,  |c 2014. 
300 |a 1 online resource (10 pages) 
490 1 |a Policy Papers 
500 |a <strong>Off-Campus Access:</strong> No User ID or Password Required 
500 |a <strong>On-Campus Access:</strong> No User ID or Password Required 
506 |a Electronic access restricted to authorized BRAC University faculty, staff and students 
520 3 |a The 2014 review of surveillance comes at a critical juncture for the Fund and its member countries. Policymakers are navigating a brittle, uneven recovery that is still marred by the lingering effects of the crisis. They are also continuing to adapt to the challenges of a highly interconnected world, shielding their economies from potential negative spillovers while also striving to harness the benefits of globalization. It is imperative that Fund surveillance is positioned to help our members best chart this course. This paper presents specific proposals in the priority areas agreed in the 2014 Triennial Surveillance Review (TSR). These actions will help ensure that surveillance meets the current and future needs of the membership, and the wider global economic community. 
538 |a Mode of access: Internet 
650 7 |a Fund  |2 imf 
650 7 |a Policy  |2 imf 
650 7 |a PP  |2 imf 
650 7 |a Staff  |2 imf 
830 0 |a Policy Papers; Policy Paper ;  |v No. 2014/085 
856 4 0 |z Full text available on IMF  |u http://elibrary.imf.org/view/journals/007/2014/085/007.2014.issue-085-en.xml  |z IMF e-Library